La economía en 1960 (Registro nro. 4919)
[ vista simple ]
| 000 -ENCABEZADO | |
|---|---|
| Número de control [NR] | 00838nam a2200217Ia 4500 |
| 008 - DE LONGITUD FIJA DE DATOS DE ELEMENTOS - INFORMACIÓN GENERAL | |
| Elementos de longitud fija [NR] | 130821s1961 sp a gr spa |
| 040 ## - FUENTE DE CATALOGACION [NR] | |
| Agencia de catalogación original [NR] | Co-BoUCM |
| Idioma de catalogación [NR] | spa |
| 041 ## - CODIGO DE IDIOMA [R] | |
| Código de idioma para texto/pista de sonido o título separado [R] | Español |
| 100 1# - ASIENTO PRINCIPAL--NOMBRE PERSONAL [NR] | |
| Nombre personal [NR] | Mayor Mayor, Pedro |
| ID Autoridad | 109603 |
| 245 13 - MENCION DE TITULO [NR] | |
| Título [NR] | La economía en 1960 |
| Mención de responsabilidad, etc. [NR] | Selección, resúmenes y comentarios de Pedro Mayor Mayor |
| 260 ## - PUBLICACION, DISTRIBUCION, ETC. (PIE DE IMPRENTA) [R] | |
| Lugar de publicación, distribución, etc. [R] | Madrid (España) |
| Nombre del editor, distribuidor, etc. [R] | Aguilar |
| Fecha de publicación, distribución, etc. [R] | 1961 |
| 300 ## - DESCRIPCION FISICA [R] | |
| Extensión [R] | xv , 514 páginas |
| Otros detalles físicos [NR] | ilustraciones, gráficas |
| 490 #0 - MENCION DE SERIE [R] | |
| Mención de serie [R] | Biblioteca de Ciencias Sociales. |
| -- | Sección Primera: Economía |
| 500 ## - NOTA GENERAL [R] | |
| Nota general [NR] | El ejemplar No.1 disponible en 48 horas a partir de la solicitud. |
| 500 ## - NOTA GENERAL [R] | |
| Nota general [NR] | El ejemplar No.2 es Donación Dr. Álvaro Daza Roa. |
| 650 04 - ASIENTO SECUNDARIO DE MATERIA - TERMINO TEMATICO [R] | |
| Término temático o nombre geográfico como elemento de entrada [NR] | Economía |
| 9 (RLIN) | 174 |
| 650 04 - ASIENTO SECUNDARIO DE MATERIA - TERMINO TEMATICO [R] | |
| Término temático o nombre geográfico como elemento de entrada [NR] | Economía |
| Subdivisión general [R] | Desarrollo |
| 9 (RLIN) | 174 |
| 650 04 - ASIENTO SECUNDARIO DE MATERIA - TERMINO TEMATICO [R] | |
| Término temático o nombre geográfico como elemento de entrada [NR] | Economía |
| Subdivisión general [R] | Historia |
| 9 (RLIN) | 33748 |
| 942 ## - ELEMENTOS DE ENTRADA AGREGADOS (KOHA) | |
| Tipo de ítem principal el descrito en 300a | Libro |
| Tema principal | Economía |
| Edición | 1 |
| Parte restante de la signatura top. | M19 |
| Sistema de clasificación | DEWEY |
| Clasificación | 330 |
| Fecha de último préstamo | Signatura topográfica | Código de barras | Última vez visto | Volúmen / Fascículo | Ejemplar | Price effective from | Tipo de ítem | Perdido | Sistema de clasificación | Dañado | No prestable | Tipo de ítem específico | Suprimido | Ubicación habitual | Ubicación actual | Localización | Fecha de creación | Forma de adquisición | Costo | Total préstamos |
|---|---|---|---|---|---|---|---|---|---|---|---|---|---|---|---|---|---|---|---|---|
| 29/11/2011 | FAD 330 M19 | 100113071 | 09/05/2018 | 1960 | Ej.2 | 03/02/2013 | Libro | DEWEY | Fondos especiales | Archivo Histórico | Archivo histórico | 28/02/2011 | Donación | 26000.00 | ||||||
| 330 M19 | 100000282 | 05/06/2012 | 1960 | Ej.1 | 03/02/2013 | Libro | DEWEY | Libro | Bodega | Bodega | Préstamo 4 días después de solicitado | 28/02/2003 | Compra | 200.00 |